00289nam a2200109Ia 4500008004100000041000800041082002400049100002000073245003600093260004100129300000900170230411s9999 xx 000 0 und d aeng aP/618.92/BEH/B01961 aBehrman Richard aNelson Essentials of Pediatrics bSaunders companyaPhiladelphiac2002 a958p